| 000 | 02792nam a22006014i 4500 | ||
|---|---|---|---|
| 003 | PE-LiUPU | ||
| 005 | 20250731165450.0 | ||
| 008 | 160518s2015 ck a rb 000 0 spa d | ||
| 020 | _a9587622618 | ||
| 020 | _a9789587622614 | ||
| 035 | _a(Sirsi) i9789587622614 | ||
| 040 |
_aCKDLS _bspa _cCKDLS _dPE-LiUPU _erda |
||
| 082 | 0 | 4 |
_a001.42 _bB68 2015 |
| 049 | _aPRUA | ||
| 100 | 1 |
_aBoeglin Naumovic, Martha, _eautor. |
|
| 245 | 1 | 0 |
_aLeer y redactar en la universidad : _bDel caos de las ideas al texto estructurado / _cMartha Boeglin Naumovic. |
| 250 | _aSegunda edición. | ||
| 264 | 1 |
_aBogotá (Colombia) : _bEdiciones de la U, _c2015. |
|
| 300 |
_a251 páginas : _bilustraciones ; _c24 centímetros. |
||
| 336 |
_atext _2rdacontent |
||
| 337 |
_aunmediated _2rdamedia |
||
| 338 |
_avolume _2rdacarrier |
||
| 490 | 0 | _aColección Educación | |
| 504 | _aBibliográfía : páginas 249-251. | ||
| 505 | 0 | _aParte 1. Organizarse -- Crear un ambiente de estudio -- Manejar al tiempo -- Estudio y emociones - Aprender -- Parte 2. Informarse -- Recopilar información -- Realizar una búsqueda en Internet -- Estrategias de lectura -- Ser un lector activo -- Archivar la información -- Parte 3. Escribir -- La fase de preparación -- La fase preredaccional -- La fase de la construcción -- La fase de ajuste -- La fase de pulido. | |
| 526 | _aSEG44 | ||
| 526 | _aSEG26 | ||
| 526 | _aP151 | ||
| 526 | _aP150 | ||
| 526 | _aP149 | ||
| 526 | _aP146 | ||
| 526 | _aP145 | ||
| 526 | _aP126 | ||
| 526 | _aP125 | ||
| 526 | _aP92 | ||
| 526 | _aP75 | ||
| 526 | _aP74 | ||
| 526 | _aP27 | ||
| 526 | _aP15 | ||
| 541 | _g0020-0002809; | ||
| 650 | 0 | 4 |
_aEducación superior _xEnseñanza. |
| 650 | 0 | 4 |
_aLectura _xEnseñanza superior. |
| 650 | 0 | 4 |
_aEscritura _xEnseñanza superior. |
| 650 | 0 | 4 | _aMétodos de investigación. |
| 910 |
_armch _btqv _cwelc _d20170803 |
||
| 942 |
_2ddc _cBOOK |
||
| 949 |
_a001.42 B68 2015 _wDEWEY _c1 _iFJ08461 _lCCODEBUJ1 _mBUJ _p18.15 _r0 _sY _tBOOK _u2017-08-03 _xEDUCACION _PP20 _0COMPRA _o.STAFF. Colección General Juliaca |
||
| 994 |
_aC0 _bPEPRU |
||
| 596 | _a1 3 | ||
| 999 |
_a001.42 B68 _wDEWEY _c20725 _i76218 _d20725 _f2021-11-4 _g4 _lCCODEBUL1 _mBUL _p22.00 _r0 _sY _tBOOK _u2017-6-12 _xBIBLIOTECA _PP04 _0COMPRA _o.STAFF. Colección Ciencias Empresariales |
||
| 999 |
_a001.42 B68 _wDEWEY _c2 _i76219 _d2019-11-13 _e2017-10-8 _f2021-11-4 _g4 _lCCODEBUL1 _mBUL _n2 _p22.00 _q3 _r0 _sY _tBOOK _u2017-6-12 _xBIBLIOTECA _PP04 _0COMPRA _o.STAFF. Colección Ciencias Empresariales |
||
| 999 |
_a001.42 B68 2015 _wDEWEY _c1 _iFJ08461 _d2019-9-4 _e2019-4-4 _f2021-12-27 _g4 _lCCODEBUJ1 _mBUJ _n3 _p18.15 _q3 _r0 _sY _tBOOK _u2017-8-3 _xEDUCACION _PP20 _0COMPRA _o.STAFF. Colección General Juliaca |
||
| 980 |
_81 _gALBERTO SANCHEZ Responsable de Automatización |
||